[Event "Lindores Abbey Tal Blitz 2021"]
[Site "Riga"]
[Date "2021.11.08"]
[Round "10.8"]
[White "Dreev, Aleksey"]
[Black "Vachier-Lagrave, Maxime"]
[Result "0-1"]
[WhiteElo "2635"]
[BlackElo "2766"]
[Annotator "ChessBase"]
[PlyCount "138"]
[EventDate "2021.11.02"]
[EventType "swiss"]
[EventCountry "LAT"]
[SourceTitle "playchess.com"]
[Source "ChessBase"]
[SourceQuality "1"]

1. d4 f5 2. c4 Nf6 3. Nc3 d6 4. Bg5 Nbd7 5. e3 h6 6. Bh4 g6 7. Bd3 Bg7 8. Nge2
e5 9. f3 O-O 10. Qc2 c6 11. O-O Qe8 12. Bf2 b6 13. b4 Bb7 14. Rad1 Qe7 15. Qb3
Kh7 16. Bb1 Rae8 17. a4 c5 18. bxc5 dxc5 19. d5 Ra8 20. Nb5 Ne8 21. a5 Ba6 22.
Nec3 Bxb5 23. Nxb5 e4 24. fxe4 fxe4 25. Bg3 Be5 26. Rxf8 Qxf8 27. Bxe5 Nxe5 28.
Bxe4 Nf6 29. Qc2 Qg7 30. d6 Rd8 31. axb6 axb6 32. Nc7 Qf7 33. Bd5 Nxd5 34. Rxd5
Rf8 35. Qe2 Nxc4 36. h3 Nxd6 37. Rxd6 Qxc7 38. Qd3 Qg7 39. Rxb6 Rf7 40. Qe4 Re7
41. Qd5 Qc3 42. e4 Qe3+ 43. Kh2 Qxe4 44. Qxe4 Rxe4 45. Rb7+ Kg8 46. Rc7 Re5 47.
Kg3 Rf5 48. Kh2 h5 49. g4 hxg4 50. hxg4 Re5 51. Kg3 g5 52. Kf3 Kf8 53. Rd7 Ke8
54. Rc7 Kd8 55. Rf7 c4 56. Ra7 c3 57. Ra1 Kd7 58. Rc1 Rc5 59. Ke4 c2 60. Kd3
Kd6 61. Kd4 Rc8 62. Ke4 Ke6 63. Kd4 Rc7 64. Ke4 Rc4+ 65. Kd3 Kd5 66. Ke3 Rc3+
67. Kd2 Kd4 68. Ke2 Ke4 69. Kd2 Rc5 0-1

[Event "Lindores Abbey Tal Blitz 2021"]
[Site "Riga"]
[Date "2021.11.08"]
[Round "10.9"]
[White "Navara, David"]
[Black "Adhiban, B.."]
[Result "0-1"]
[WhiteElo "2699"]
[BlackElo "2672"]
[Annotator "ChessBase"]
[PlyCount "48"]
[EventDate "2021.11.02"]
[EventType "swiss"]
[EventCountry "LAT"]
[SourceTitle "playchess.com"]
[Source "ChessBase"]
[SourceQuality "1"]

1. e4 e5 2. Nf3 Nc6 3. Bc4 Nf6 4. d3 Bc5 5. c3 d6 6. O-O a6 7. a4 Ba7 8. Re1
Ng4 9. Re2 Qf6 10. h3 Nh6 11. b4 Bxh3 12. Bg5 Qg6 13. gxh3 f6 14. b5 fxg5 15.
bxc6 g4 16. Nh4 Qg5 17. cxb7 Rb8 18. hxg4 Qxh4 19. Raa2 Nxg4 20. Reb2 Rf8 21.
Qe1 Qg3+ 22. Kf1 Qf3 23. Nd2 Ne3+ 24. Qxe3 Qxe3 0-1

[Event "Lindores Abbey Tal Blitz 2021"]
[Site "Riga"]
[Date "2021.11.08"]
[Round "10.10"]
[White "Korobov, Anton"]
[Black "Pichot, Alan"]
[Result "1-0"]
[WhiteElo "2684"]
[BlackElo "2630"]
[Annotator "ChessBase"]
[PlyCount "61"]
[EventDate "2021.11.02"]
[EventType "swiss"]
[EventCountry "LAT"]
[SourceTitle "playchess.com"]
[Source "ChessBase"]
[SourceQuality "1"]

1. d4 Nf6 2. c4 e6 3. Nc3 Bb4 4. e3 O-O 5. Bd3 d5 6. Nf3 c5 7. O-O Nc6 8. a3
Ba5 9. cxd5 exd5 10. dxc5 Bxc3 11. bxc3 Qa5 12. c4 dxc4 13. Bxc4 Bg4 14. Bb2
Rad8 15. Qc2 Bxf3 16. gxf3 Rd2 17. Qc1 Rd7 18. Kh1 Ne7 19. Rg1 Ng6 20. Bxf6
gxf6 21. f4 Kh8 22. Qb2 Kg7 23. f5 Qxc5 24. fxg6 Qxc4 25. gxh7+ Kxh7 26. Rg3
Qe4+ 27. f3 Qh4 28. Rag1 Rfd8 29. Qg2 Rd1 30. Rg7+ Kh6 31. Rh7+ 1-0

[Event "Lindores Abbey Tal Blitz 2021"]
[Site "Riga"]
[Date "2021.11.08"]
[Round "10.11"]
[White "Niemann, Hans Moke"]
[Black "Bluebaum, Matthias"]
[Result "1-0"]
[WhiteElo "2635"]
[BlackElo "2647"]
[Annotator "ChessBase"]
[PlyCount "93"]
[EventDate "2021.11.02"]
[EventType "swiss"]
[EventCountry "LAT"]
[SourceTitle "playchess.com"]
[Source "ChessBase"]
[SourceQuality "1"]

1. d4 d5 2. Bf4 c5 3. e3 Nc6 4. c3 Qb6 5. Qb3 c4 6. Qc2 e5 7. dxe5 Bf5 8. Qc1
g5 9. Bg3 h5 10. h3 Bg7 11. Nf3 g4 12. hxg4 hxg4 13. Rxh8 Bxh8 14. Nd4 Nge7 15.
Nd2 Bxe5 16. Bxe5 Nxe5 17. Nxf5 Nxf5 18. Qc2 Nd6 19. O-O-O O-O-O 20. Kb1 f5 21.
g3 Rh8 22. Bg2 Qc5 23. Rh1 Rxh1+ 24. Bxh1 Nd3 25. Nb3 Qb6 26. Bxd5 Ne1 27. Qd1
cxb3 28. Qxe1 bxa2+ 29. Bxa2 Ne4 30. Bd5 Qc5 31. Bxe4 fxe4 32. Qd2 Qf5 33. Kc2
Kc7 34. c4 Kc6 35. b4 b5 36. Qe2 a6 37. Kb3 Qe6 38. Qc2 Kb6 39. Qc3 Qf5 40.
Qd4+ Kc6 41. c5 Qf7+ 42. Kc3 Qe6 43. Kb2 Kc7 44. Ka3 Kb7 45. Qd8 Ka7 46. Qc7+
Ka8 47. c6 1-0

[Event "Lindores Abbey Tal Blitz 2021"]
[Site "Riga"]
[Date "2021.11.08"]
[Round "10.12"]
[White "Movsesian, Sergei"]
[Black "Aronian, Levon"]
[Result "1-0"]
[WhiteElo "2618"]
[BlackElo "2782"]
[Annotator "TA"]
[PlyCount "43"]
[EventDate "2021.11.02"]
[EventType "swiss"]
[EventCountry "LAT"]
[SourceTitle "playchess.com"]
[Source "ChessBase"]
[SourceQuality "1"]

1. e4 e5 2. Nf3 Nc6 3. Bc4 Bc5 4. d3 Nf6 5. a4 O-O 6. a5 d5 7. exd5 Nxd5 8. O-O
Bg4 9. h3 Bh5 10. Nbd2 Nf6 11. c3 a6 12. Re1 Ba7 13. Qb3 Bg6 14. Ne4 Nxe4 15.
dxe4 Rb8 16. Bg5 Qe8 17. Nh4 Bh5 18. Nf5 Kh8 19. Qa3 f6 20. Be3 Bxe3 21. Nxe3
Qe7 22. Qa4 1-0

[Event "Lindores Abbey Tal Blitz 2021"]
[Site "Riga"]
[Date "2021.11.08"]
[Round "10.14"]
[White "Sarana, Alexey"]
[Black "Anton Guijarro, David"]
[Result "0-1"]
[WhiteElo "2656"]
[BlackElo "2669"]
[Annotator "ChessBase"]
[PlyCount "128"]
[EventDate "2021.11.02"]
[EventType "swiss"]
[EventCountry "LAT"]
[SourceTitle "playchess.com"]
[Source "ChessBase"]
[SourceQuality "1"]

1. d4 Nf6 2. c4 g6 3. Nc3 Bg7 4. e4 d6 5. Be2 O-O 6. Be3 a6 7. Nf3 Bg4 8. O-O
Nfd7 9. a4 a5 10. Ne1 Bxe2 11. Qxe2 Nc6 12. Nf3 e5 13. Rad1 exd4 14. Nxd4 Re8
15. Ndb5 b6 16. Nd5 Rc8 17. f3 Nc5 18. b3 Nxb3 19. Ndxc7 Rxc7 20. Bxb6 Ree7 21.
Rxd6 Qc8 22. Bxc7 Rxc7 23. Rfd1 Bf8 24. Nxc7 Bxd6 25. Rxd6 Qxc7 26. e5 Nbd4 27.
Qe4 Qb6 28. h4 Nxf3+ 29. Kf1 Qg1+ 30. Ke2 Ncd4+ 31. Rxd4 Nxd4+ 32. Kd3 Ne6 33.
Qa8+ Kg7 34. Qxa5 Qf1+ 35. Kd2 Qxg2+ 36. Kc3 Qg3+ 37. Kb2 Qxh4 38. Qd5 Qf2+ 39.
Kb3 h5 40. a5 h4 41. a6 Nc5+ 42. Ka3 Qe3+ 43. Kb2 Qb3+ 44. Kc1 Qc3+ 45. Kd1
Nxa6 46. e6 Qa1+ 47. Kd2 Qb2+ 48. Kd1 Qb3+ 49. Kd2 fxe6 50. Qd4+ Kf7 51. Qa7+
Kf6 52. Qxa6 Qb2+ 53. Kd3 h3 54. Qd6 Qb1+ 55. Kd2 Qb2+ 56. Kd3 Qb3+ 57. Kd2
Qxc4 58. Qf8+ Kg5 59. Ke3 Qc3+ 60. Ke2 Qe5+ 61. Kd1 Qd4+ 62. Ke2 Qe5+ 63. Kd1
h2 64. Qd8+ Kg4 0-1

[Event "Lindores Abbey Tal Blitz 2021"]
[Site "Riga"]
[Date "2021.11.08"]
[Round "10.15"]
[White "Zvjaginsev, Vadim"]
[Black "Maghsoodloo, Parham"]
[Result "1/2-1/2"]
[WhiteElo "2609"]
[BlackElo "2706"]
[Annotator "ChessBase"]
[PlyCount "95"]
[EventDate "2021.11.02"]
[EventType "swiss"]
[EventCountry "LAT"]
[SourceTitle "playchess.com"]
[Source "ChessBase"]
[SourceQuality "1"]

1. c4 e5 2. Nc3 Nf6 3. Nf3 Nc6 4. a3 g6 5. g3 Bg7 6. Bg2 O-O 7. O-O d6 8. d3 h6
9. b4 Be6 10. b5 Ne7 11. a4 Qd7 12. e4 Bh3 13. Ra2 a6 14. Rc2 axb5 15. axb5 c6
16. Bd2 g5 17. Ne1 Ng6 18. f3 d5 19. bxc6 bxc6 20. cxd5 cxd5 21. Bxh3 Qxh3 22.
exd5 Rfd8 23. Qe2 Nxd5 24. Nxd5 Rxd5 25. Qe4 Rad8 26. Be3 Qd7 27. Rc5 Ne7 28.
Rf2 Rxc5 29. Bxc5 Nd5 30. Rc2 f5 31. Qc4 Kh8 32. Bf2 Nf6 33. Qc6 Qf7 34. Rb2
Rd7 35. Rb6 e4 36. dxe4 fxe4 37. Qe6 exf3 38. Rb8+ Kh7 39. Qf5+ Qg6 40. Qxg6+
Kxg6 41. Nxf3 Ne4 42. Rb6+ Kf7 43. Rb4 Nc3 44. Kg2 Nd5 45. Rb3 Ne7 46. Ra3 Ng6
47. Ra7 Rxa7 48. Bxa7 1/2-1/2

[Event "Lindores Abbey Tal Blitz 2021"]
[Site "Riga"]
[Date "2021.11.08"]
[Round "10.16"]
[White "Van Foreest, Jorden"]
[Black "Sevian, Samuel"]
[Result "0-1"]
[WhiteElo "2701"]
[BlackElo "2668"]
[Annotator "RC"]
[PlyCount "68"]
[EventDate "2021.11.02"]
[EventType "swiss"]
[EventCountry "LAT"]
[SourceTitle "playchess.com"]
[Source "ChessBase"]
[SourceQuality "1"]

1. Nf3 g6 2. e4 Bg7 3. d4 c6 4. Be3 d5 5. Nbd2 Qb6 6. Bd3 Nf6 7. O-O O-O 8. e5
Ng4 9. Bf4 c5 10. c4 e6 11. dxc5 Qxb2 12. Rb1 Qa3 13. Rb3 Qxc5 14. Rb5 Qa3 15.
Qc2 Nc6 16. Rfb1 Ngxe5 17. Nxe5 Nxe5 18. Bf1 Nc6 19. Nf3 a6 20. Rb6 d4 21. c5
e5 22. Bc1 Qc3 23. Qd1 e4 24. Ng5 e3 25. Ne4 exf2+ 26. Kxf2 Qa5 27. Bc4 Be6 28.
Bd2 Qa3 29. Qb3 Qxb3 30. Bxb3 Bf5 31. Re1 Ne5 32. Bc2 Nc4 33. Rxb7 Nxd2 34. c6
Rac8 0-1

[Event "Lindores Abbey Tal Blitz 2021"]
[Site "Riga"]
[Date "2021.11.08"]
[Round "10.17"]
[White "Predke, Alexandr"]
[Black "Nihal Sarin"]
[Result "0-1"]
[WhiteElo "2668"]
[BlackElo "2650"]
[Annotator "ChessBase"]
[PlyCount "86"]
[EventDate "2021.11.02"]
[EventType "swiss"]
[EventCountry "LAT"]
[SourceTitle "playchess.com"]
[Source "ChessBase"]
[SourceQuality "1"]

1. d4 g6 2. e4 Bg7 3. Nc3 d6 4. Be3 Nc6 5. Nf3 Bg4 6. Bb5 a6 7. Bxc6+ bxc6 8.
h3 Bd7 9. O-O Nf6 10. Qd2 O-O 11. Bh6 Re8 12. Bxg7 Kxg7 13. Rfe1 Be6 14. Rad1
h6 15. b3 a5 16. e5 Nd5 17. Ne4 Nb6 18. c4 d5 19. cxd5 Bxd5 20. Qf4 a4 21. Rd3
axb3 22. axb3 Nd7 23. h4 Nf8 24. Nc5 Ne6 25. Qg3 Rb8 26. h5 g5 27. Nxe6+ Bxe6
28. Nd2 Qd5 29. f4 Kh7 30. fxg5 Rg8 31. g6+ fxg6 32. Qh4 gxh5 33. Nf3 Rg7 34.
Qe4+ Qxe4 35. Rxe4 Bf5 36. Ree3 Bxd3 37. Rxd3 Rbg8 38. Rd2 Rg3 39. Kh2 R3g4 40.
Rc2 h4 41. Ng1 Rxd4 42. Rxc6 Rd2 43. Nf3 Rdxg2+ 0-1

[Event "Lindores Abbey Tal Blitz 2021"]
[Site "Riga"]
[Date "2021.11.08"]
[Round "10.18"]
[White "Kravtsiv, Martyn"]
[Black "Durarbayli, Vasif"]
[Result "1-0"]
[WhiteElo "2616"]
[BlackElo "2629"]
[Annotator "ChessBase"]
[PlyCount "111"]
[EventDate "2021.11.02"]
[EventType "swiss"]
[EventCountry "LAT"]
[SourceTitle "playchess.com"]
[Source "ChessBase"]
[SourceQuality "1"]

1. e4 c5 2. Nf3 d6 3. Bb5+ Bd7 4. Bxd7+ Qxd7 5. c4 Nf6 6. Nc3 g6 7. d4 cxd4 8.
Nxd4 Bg7 9. f3 O-O 10. Be3 Nc6 11. O-O a6 12. Qd3 Rab8 13. Nxc6 Qxc6 14. Rac1
Nd7 15. Nd5 Rfe8 16. b4 e6 17. b5 Qc8 18. Nb6 Nxb6 19. Bxb6 Bf8 20. a4 Ra8 21.
Rfd1 Qb8 22. Bd4 axb5 23. axb5 Qc7 24. Bb2 Qc5+ 25. Kh1 Rec8 26. Qc3 e5 27. Qb3
Bh6 28. Rc2 Be3 29. Qd3 Ra2 30. Bd4 Bxd4 31. Rxa2 Qxc4 32. Ra8 Qc7 33. Rxc8+
Qxc8 34. g3 h5 35. Kg2 Qc5 36. f4 Kg7 37. f5 g5 38. f6+ Kg6 39. Kh1 Qb4 40. Qf3
Bc5 41. h4 Kh6 42. Qf5 gxh4 43. gxh4 Be3 44. Qc8 Kg6 45. Qg8+ Kxf6 46. Rf1+ Bf4
47. Qg5+ Ke6 48. Qxh5 Qxe4+ 49. Qf3 Qc4 50. h5 Qxb5 51. h6 Qe8 52. Qh3+ Kf6 53.
h7 Qh8 54. Rg1 Bg5 55. Qh5 Be3 56. Rg8 1-0

[Event "Lindores Abbey Tal Blitz 2021"]
[Site "Riga"]
[Date "2021.11.08"]
[Round "10.19"]
[White "Gelfand, Boris"]
[Black "Shevchenko, Kirill"]
[Result "1/2-1/2"]
[WhiteElo "2674"]
[BlackElo "2647"]
[Annotator "ChessBase"]
[PlyCount "99"]
[EventDate "2021.11.02"]
[EventType "swiss"]
[EventCountry "LAT"]
[SourceTitle "playchess.com"]
[Source "ChessBase"]
[SourceQuality "1"]

1. d4 Nf6 2. c4 g6 3. Nc3 Bg7 4. e4 d6 5. Be2 O-O 6. Nf3 e5 7. O-O Nc6 8. d5
Ne7 9. b4 Nh5 10. c5 Nf4 11. a4 c6 12. dxc6 dxc5 13. cxb7 Bxb7 14. b5 a6 15.
Be3 Qa5 16. Bd2 Qc7 17. Qc2 Nxe2+ 18. Nxe2 axb5 19. axb5 Nc8 20. Rxa8 Bxa8 21.
Be3 Nd6 22. Qxc5 Qb8 23. b6 Rc8 24. Qb4 Bxe4 25. Rc1 Rxc1+ 26. Nxc1 Bc6 27. Nb3
Nb7 28. Qe7 Bf8 29. Qxe5 Qd8 30. Qd4 Qe8 31. h3 Qe6 32. Nfd2 Bd5 33. Qd3 Bb4
34. Bd4 Nd6 35. Qe3 Qf5 36. Qe5 Qxe5 37. Bxe5 Nc8 38. Bd4 Kf8 39. Kf1 Ke8 40.
g4 Kd7 41. Ke2 Kc6 42. Nc1 Nxb6 43. Nd3 Bd6 44. Ne5+ Kc7 45. Ke3 Nc8 46. Ne4
Be7 47. Nd3 Ba2 48. Be5+ Kd8 49. Nf6 Bxf6 50. Bxf6+ 1/2-1/2

[Event "Lindores Abbey Tal Blitz 2021"]
[Site "Riga"]
[Date "2021.11.08"]
[Round "10.20"]
[White "Indjic, Aleksandar"]
[Black "Yilmaz, Mustafa"]
[Result "1-0"]
[WhiteElo "2612"]
[BlackElo "2626"]
[Annotator "ChessBase"]
[PlyCount "155"]
[EventDate "2021.11.02"]
[EventType "swiss"]
[EventCountry "LAT"]
[SourceTitle "playchess.com"]
[Source "ChessBase"]
[SourceQuality "1"]

1. Nc3 c5 2. e4 Nc6 3. Bb5 Nd4 4. Nf3 e6 5. Bd3 Nxf3+ 6. Qxf3 d6 7. b3 Nf6 8.
Bb2 Be7 9. O-O-O a6 10. g4 Nd7 11. Qg3 O-O 12. f4 b5 13. e5 Bb7 14. exd6 Bxd6
15. Be4 Qc7 16. Bxb7 Qxb7 17. Rde1 c4 18. Ne4 Qc6 19. g5 Rfc8 20. Nxd6 Qxd6 21.
Qc3 Qf8 22. Qd4 Nc5 23. Kb1 Rd8 24. Qe3 Rd5 25. h4 Rad8 26. Bc3 Nb7 27. h5 cxb3
28. axb3 Nd6 29. g6 Nf5 30. Qh3 b4 31. Bb2 Rxd2 32. h6 Nxh6 33. gxh7+ Kxh7 34.
Reg1 f6 35. f5 exf5 36. Bc1 Qc5 37. Bxd2 Rxd2 38. Rxg7+ Kxg7 39. Qxh6+ Kf7 40.
Qh7+ Ke6 41. Re1+ Kd6 42. Qe7+ Kc6 43. Re6+ Rd6 44. Qe8+ Kd5 45. Re1 Qc6 46.
Qe3 Qc3 47. Qe8 Qc6 48. Qb8 Kc5 49. Qa7+ Qb6 50. Qf7 Kc6 51. Re7 Qg1+ 52. Ka2
Qb6 53. Qc4+ Qc5 54. Rc7+ Kxc7 55. Qxc5+ Rc6 56. Qa7+ Kd6 57. Kb2 Ke6 58. Qe3+
Kd5 59. Qf4 Rb6 60. Qxf5+ Kc6 61. Qxf6+ Kc7 62. Qe5+ Kc6 63. Kc1 Rb5 64. Qd4 a5
65. Qa7 Rd5 66. Qa8+ Kd6 67. Qb7 Rc5 68. Qb6+ Kd5 69. Kd2 Kd4 70. Qf6+ Re5 71.
Qf4+ Kd5 72. Qc4+ Kd6 73. Qa6+ Kc7 74. Kd3 Rc5 75. Kd4 Rh5 76. Qf6 Rb5 77. Kc4
Rb6 78. Qe5+ 1-0

[Event "Lindores Abbey Tal Blitz 2021"]
[Site "Riga"]
[Date "2021.11.08"]
[Round "10.21"]
[White "Kuzubov, Yuriy"]
[Black "Ponomariov, Ruslan"]
[Result "1/2-1/2"]
[WhiteElo "2637"]
[BlackElo "2633"]
[Annotator "ChessBase"]
[PlyCount "90"]
[EventDate "2021.11.02"]
[EventType "swiss"]
[EventCountry "LAT"]
[SourceTitle "playchess.com"]
[Source "ChessBase"]
[SourceQuality "1"]

1. d4 d5 2. c4 c6 3. Nf3 Nf6 4. Nc3 dxc4 5. a4 Bf5 6. Nh4 e6 7. Nxf5 exf5 8. e3
Bb4 9. Bxc4 O-O 10. O-O Nbd7 11. Qc2 g6 12. Kh1 Rc8 13. f3 c5 14. dxc5 Rxc5 15.
Ba2 Ne5 16. e4 fxe4 17. fxe4 Nfg4 18. Bf4 Qh4 19. h3 Bxc3 20. bxc3 Rfc8 21.
Rad1 Rxc3 22. Qe2 Rc2 23. Rd2 Rxd2 24. Qxd2 Re8 25. Kg1 Nf6 26. Qd4 Nfd7 27.
Bxf7+ Nxf7 28. Qxd7 Qe7 29. Qb5 Qxe4 30. Bg3 b6 31. Kh2 Rd8 32. Rf2 Qd5 33. Qb4
Qd7 34. Qe4 Re8 35. Qc4 Qe6 36. Qb5 Ng5 37. Qa6 Ne4 38. Re2 Qf7 39. Qb5 Re6 40.
Be5 Qf5 41. Bb8 Qxb5 42. axb5 Kf7 43. Bxa7 Nc3 44. Rxe6 Kxe6 45. Bxb6 Nxb5
1/2-1/2

[Event "Lindores Abbey Tal Blitz 2021"]
[Site "Riga"]
[Date "2021.11.08"]
[Round "10.22"]
[White "Ter-Sahakyan, Samvel"]
[Black "Adly, Ahmed"]
[Result "0-1"]
[WhiteElo "2615"]
[BlackElo "2602"]
[Annotator "ChessBase"]
[PlyCount "98"]
[EventDate "2021.11.02"]
[EventType "swiss"]
[EventCountry "LAT"]
[SourceTitle "playchess.com"]
[Source "ChessBase"]
[SourceQuality "1"]

1. e4 c6 2. d4 d5 3. e5 Bf5 4. Nf3 e6 5. Be2 Nd7 6. O-O h6 7. c3 Ne7 8. Na3 a6
9. Nc2 Be4 10. Bd3 Bxd3 11. Qxd3 c5 12. Ne3 Nc6 13. a3 Be7 14. Ng4 h5 15. Ne3
g5 16. b4 cxd4 17. cxd4 Qb6 18. Nc2 g4 19. Ng5 Qb5 20. Qd1 Rg8 21. f4 Bd8 22.
Be3 Ne7 23. a4 Qc6 24. Bf2 Nb6 25. Ne3 Nc4 26. Rc1 Nxe3 27. Bxe3 Qd7 28. Qd3
Nf5 29. Bd2 Qxa4 30. Ra1 Qd7 31. Rfc1 Bb6 32. Be3 Ke7 33. Bf2 Rgc8 34. h3 Rxc1+
35. Rxc1 Rc8 36. Rd1 Rc4 37. hxg4 hxg4 38. Qe2 g3 39. Be3 Qa4 40. Qh5 Kd8 41.
Re1 Qxb4 42. Rf1 Nxe3 43. Nxf7+ Kc7 44. Nd6 Bxd4 45. Qf7+ Kc6 46. Qe8+ Kb6 47.
Qd8+ Ka7 48. Kh1 Nxf1 49. Qd7 Ne3 0-1

[Event "Lindores Abbey Tal Blitz 2021"]
[Site "Riga"]
[Date "2021.11.08"]
[Round "10.24"]
[White "Ivic, Velimir"]
[Black "Chigaev, Maksim"]
[Result "1-0"]
[WhiteElo "2620"]
[BlackElo "2626"]
[Annotator "ChessBase"]
[PlyCount "133"]
[EventDate "2021.11.02"]
[EventType "swiss"]
[EventCountry "LAT"]
[SourceTitle "playchess.com"]
[Source "ChessBase"]
[SourceQuality "1"]

1. e4 c5 2. Nf3 d6 3. d4 cxd4 4. Nxd4 Nf6 5. Nc3 a6 6. Rg1 h5 7. h3 h4 8. Bg5
Nc6 9. Qd2 Qa5 10. Nb3 Qc7 11. O-O-O e6 12. f4 Be7 13. Bd3 b5 14. Rge1 b4 15.
Ne2 e5 16. Bc4 a5 17. Bxf6 gxf6 18. Kb1 a4 19. Nbc1 Be6 20. Bd5 Rb8 21. Nd3 Rg8
22. Nec1 Bxd5 23. exd5 Na5 24. b3 Qc3 25. Re4 Qxd2 26. Rxd2 f5 27. Rxb4 Rxb4
28. Nxb4 e4 29. Nc6 Nb7 30. Nd4 Nc5 31. Nxf5 Kd7 32. b4 Rb8 33. a3 Bf6 34. Re2
Na6 35. Rxe4 Nc5 36. Re2 Na6 37. Nd3 Nc7 38. c4 Rc8 39. Re4 Rb8 40. Kc2 Rg8 41.
Re2 Rc8 42. Kd2 Na6 43. Ne3 Bd4 44. Nf5 Bf6 45. c5 dxc5 46. b5 Nb8 47. Ne5+ Kc7
48. d6+ Kb6 49. Nxf7 Kxb5 50. Ne7 Rf8 51. Ne5 Rd8 52. Nf5 Nc6 53. Nxc6 Kxc6 54.
Kd3 Kd5 55. Re4 Rb8 56. Rxa4 c4+ 57. Ke2 c3 58. d7 Ke6 59. Ne3 Kxd7 60. Rb4 Re8
61. Kd3 Kc6 62. Rc4+ Kb7 63. Nd5 Rd8 64. Ke4 Bg7 65. Rc7+ Ka6 66. Rxg7 Re8+ 67.
Kd3 1-0

[Event "Lindores Abbey Tal Blitz 2021"]
[Site "Riga"]
[Date "2021.11.08"]
[Round "10.25"]
[White "Morovic Fernandez, Ivan"]
[Black "Esipenko, Andrey"]
[Result "0-1"]
[WhiteElo "2510"]
[BlackElo "2713"]
[Annotator "ChessBase"]
[PlyCount "74"]
[EventDate "2021.11.02"]
[EventType "swiss"]
[EventCountry "LAT"]
[SourceTitle "playchess.com"]
[Source "ChessBase"]
[SourceQuality "1"]

1. e4 e5 2. Nf3 Nc6 3. Bb5 a6 4. Ba4 Nf6 5. O-O Be7 6. Re1 b5 7. Bb3 d6 8. c3
O-O 9. h3 a5 10. d4 Bd7 11. Nbd2 a4 12. Bc2 Re8 13. Nf1 h6 14. Ng3 Bf8 15. Bd3
Na5 16. Be3 Qb8 17. Qc2 Qb7 18. Rad1 b4 19. cxb4 Qxb4 20. Bd2 Qb6 21. Bc3 Nc6
22. Bf1 a3 23. b3 exd4 24. Nxd4 Nb4 25. Qd2 c5 26. Ndf5 Bxf5 27. Nxf5 Nxe4 28.
Rxe4 Rxe4 29. f3 Re6 30. Bc4 d5 31. Bxd5 Nxd5 32. Qxd5 Rae8 33. Qc4 Qc7 34. Kh1
Re2 35. Qg4 g6 36. Ng3 R2e6 37. Ne4 f5 0-1

[Event "Lindores Abbey Tal Blitz 2021"]
[Site "Riga"]
[Date "2021.11.08"]
[Round "10.26"]
[White "Fedoseev, Vladimir"]
[Black "Tabatabaei, M. Amin"]
[Result "1/2-1/2"]
[WhiteElo "2704"]
[BlackElo "2639"]
[Annotator "ChessBase"]
[PlyCount "56"]
[EventDate "2021.11.02"]
[EventType "swiss"]
[EventCountry "LAT"]
[SourceTitle "playchess.com"]
[Source "ChessBase"]
[SourceQuality "1"]

1. e4 c5 2. h3 Nc6 3. Bb5 g6 4. c3 Bg7 5. Nf3 e5 6. O-O Nge7 7. d3 O-O 8. Be3
d6 9. Na3 a6 10. Bxc6 Nxc6 11. d4 cxd4 12. cxd4 exd4 13. Nxd4 d5 14. Nxc6 bxc6
15. Bd4 dxe4 16. Bxg7 Qxd1 17. Rfxd1 Kxg7 18. Rd6 Be6 19. Rxc6 Rfc8 20. Rd6 Rd8
21. Rc6 Rd2 22. b3 e3 23. fxe3 Bd5 24. Rc2 Rxc2 25. Nxc2 Be4 26. Nd4 a5 27. Rc1
a4 28. b4 a3 1/2-1/2

[Event "Lindores Abbey Tal Blitz 2021"]
[Site "Riga"]
[Date "2021.11.08"]
[Round "10.27"]
[White "Petrosyan, Manuel"]
[Black "Swiercz, Dariusz"]
[Result "1-0"]
[WhiteElo "2599"]
[BlackElo "2647"]
[Annotator "ChessBase"]
[PlyCount "67"]
[EventDate "2021.11.02"]
[EventType "swiss"]
[EventCountry "LAT"]
[SourceTitle "playchess.com"]
[Source "ChessBase"]
[SourceQuality "1"]

1. Nf3 Nf6 2. c4 g6 3. Nc3 Bg7 4. e4 d6 5. d4 O-O 6. Be2 e5 7. O-O Na6 8. Be3
c6 9. Qc2 Qe7 10. Rfe1 Bg4 11. Rad1 Rfe8 12. c5 dxc5 13. dxe5 Nd7 14. Bg5 Qf8
15. Bxa6 bxa6 16. h3 Be6 17. Bf4 c4 18. Nd4 Nxe5 19. Bxe5 Bxe5 20. Nxc6 Bg7 21.
e5 Qc5 22. Rd6 Bf5 23. Qd2 Rac8 24. Nd4 Bd3 25. Nd5 Rcd8 26. Nc6 Rxd6 27. exd6
Rxe1+ 28. Qxe1 Qxd6 29. Qe8+ Qf8 30. Qd7 Bxb2 31. Nde7+ Kh8 32. Nd8 Bf6 33.
Nxg6+ hxg6 34. Nxf7+ 1-0

[Event "Lindores Abbey Tal Blitz 2021"]
[Site "Riga"]
[Date "2021.11.08"]
[Round "10.28"]
[White "Matlakov, Maxim"]
[Black "Sasikiran, Krishnan"]
[Result "1-0"]
[WhiteElo "2691"]
[BlackElo "2640"]
[Annotator "ChessBase"]
[PlyCount "60"]
[EventDate "2021.11.02"]
[EventType "swiss"]
[EventCountry "LAT"]
[SourceTitle "playchess.com"]
[Source "ChessBase"]
[SourceQuality "1"]

1. e4 c5 2. Nf3 d6 3. Nc3 a6 4. g3 Nc6 5. d4 cxd4 6. Nxd4 Bd7 7. Bg2 Nf6 8. O-O
e6 9. b3 Be7 10. Bb2 O-O 11. Qd2 Rc8 12. Nxc6 Bxc6 13. Rad1 b5 14. a3 Qc7 15.
Rfe1 Rfd8 16. Qe2 Bb7 17. Rd2 h6 18. h3 Rd7 19. Qd1 Rcd8 20. Re3 d5 21. exd5
Bc5 22. Red3 exd5 23. Ne2 Qb6 24. Nf4 a5 25. Bxf6 Qxf6 26. Bxd5 Bxd5 27. Nxd5
Rxd5 28. Rxd5 Rxd5 29. Rxd5 Qxf2+ 30. Kh1 Qxg3 1-0

[Event "Lindores Abbey Tal Blitz 2021"]
[Site "Riga"]
[Date "2021.11.08"]
[Round "10.29"]
[White "Abasov, Nijat"]
[Black "Moussard, Jules"]
[Result "0-1"]
[WhiteElo "2634"]
[BlackElo "2632"]
[Annotator "ChessBase"]
[PlyCount "53"]
[EventDate "2021.11.02"]
[EventType "swiss"]
[EventCountry "LAT"]
[SourceTitle "playchess.com"]
[Source "ChessBase"]
[SourceQuality "1"]

1. Nf3 g6 2. g3 Nh6 3. Bg2 Bg7 4. O-O Na6 5. d4 d5 6. Bf4 Nf5 7. Nc3 O-O 8. e4
dxe4 9. Nxe4 Nxd4 10. Nxd4 Qxd4 11. c3 Qb6 12. Qe2 Bf5 13. a4 Rad8 14. a5 Qe6
15. Rfe1 c6 16. h3 Bxh3 17. Bxh3 Qxh3 18. Ng5 Qf5 19. Qxe7 Rd7 20. Qe3 Nc5 21.
Ne4 Nd3 22. Nd6 Rxd6 23. Bxd6 Nxe1 24. Bxf8 Nc2 25. Qe8 Bxf8 26. Rd1 Qxa5 27.
Rd8 0-1

[Event "Lindores Abbey Tal Blitz 2021"]
[Site "Riga"]
[Date "2021.11.08"]
[Round "10.30"]
[White "Ponkratov, Pavel"]
[Black "Kosteniuk, Alexandra"]
[Result "1-0"]
[WhiteElo "2662"]
[BlackElo "2518"]
[Annotator "ChessBase"]
[PlyCount "65"]
[EventDate "2021.11.02"]
[EventType "swiss"]
[EventCountry "LAT"]
[SourceTitle "playchess.com"]
[Source "ChessBase"]
[SourceQuality "1"]

1. e4 c6 2. d4 d5 3. e5 c5 4. dxc5 e6 5. Qg4 h5 6. Qg3 Ne7 7. Bd3 Nf5 8. Bxf5
exf5 9. h4 Nc6 10. Nf3 Be6 11. c3 d4 12. O-O Bxc5 13. Qxg7 Kd7 14. Bg5 Qb6 15.
cxd4 Be7 16. d5 Bxd5 17. Rd1 Nb4 18. Qxf7 Qe6 19. Qxe6+ Kxe6 20. Nd4+ Kf7 21.
Bxe7 Kxe7 22. Nxf5+ Ke6 23. Ne3 Bc6 24. a3 Na6 25. Nd2 Kxe5 26. Ndc4+ Kf6 27.
Rd6+ Kg7 28. Nf5+ Kh7 29. Re1 Rhe8 30. Re5 Be4 31. Rh6+ Kg8 32. Rxe8+ Rxe8 33.
Ncd6 1-0